000 00481nam a2200181Ia 4500
008 240729s9999 xx 000 0 und d
022 _a2813-2084
245 0 _aVirtual Worlds
260 _aSwitzerland
260 _bMDPI AG
650 _a Electronic computers. Computer science
650 _a Instruments and machines
650 _a Mathematics
650 _aScience
856 _uhttps://doaj.org/toc/f299c80d5e0d45daafe4380b56d76fe4
942 _2ddc
942 _cDOAJEJ
999 _c68333
_d68333
945 _a1
_bMadushi Gamage
_c1
_dMadushi Gamage